<The> Continental bank journal of applied corporate finance
Gespeichert in:
| Format: | Schriftenreihe |
|---|---|
| Sprache: | Englisch |
| Veröffentlicht: |
New York
Stern Stewart Management Services
|
| Schlagworte: | |
| Tags: |
Keine Tags, Fügen Sie das erste Tag hinzu!
|
MARC
| LEADER | 00000nas1a22000001 4500 | ||
|---|---|---|---|
| 001 | s120434 | ||
| 005 | 20250717092120.7 | ||
| 022 | |a 0898-4484 | ||
| 041 | 0 | |a eng | |
| 044 | |a US | ||
| 245 | 1 | 0 | |a <The> Continental bank journal of applied corporate finance |
| 264 | 1 | |a New York |b Stern Stewart Management Services | |
| 610 | 2 | 0 | |a financie podnikové |
| 610 | 2 | 0 | |a trh finančný |
| 610 | 2 | 0 | |a trh kapitálový |